BUSINESS ANALYTICS A CONTEMPORARY APPROA (Record no. 32573)

MARC details
000 -LEADER
fixed length control field 00341nam a2200133Ia 4500
008 - FIXED-LENGTH DATA ELEMENTS--GENERAL INFORMATION
fixed length control field 240624s9999 xx 000 0 und d
041 ## - LANGUAGE CODE
Language code of text/sound track or separate title eng
082 ## - DEWEY DECIMAL CLASSIFICATION NUMBER
Classification number 658.487 JAC
100 ## - MAIN ENTRY--PERSONAL NAME
Personal name JACKSON W THOMAS
245 ## - TITLE STATEMENT
Title BUSINESS ANALYTICS A CONTEMPORARY APPROA
260 ## - PUBLICATION, DISTRIBUTION, ETC.
Date of publication, distribution, etc. 2018
Place of publication, distribution, etc. Uk
Name of publisher, distributor, etc. Macmillan
300 ## - PHYSICAL DESCRIPTION
Extent xviii,156P.;23cm.
365 ## - TRADE PRICE
Currency code ERU
Price amount 33
Holdings
Withdrawn status Lost status Damaged status Not for loan Home library Current library Shelving location Date acquired Full call number Barcode Date last seen Copy number Price effective from Koha item type
        IMTN IMTN Rack 33-A 01/07/2022 658.487 JAC 32573 06/24/2024 88.7 06/24/2024 Books
Designed & Maintained by: LRC IMT Nagpur Contact: lrc@imtnag.ac.in© 2024. All Rights Reserved.